1390 1662 1050 1960 1515 1825 1930 1809 1180 1511 1663 1428 1973 1125 1445 1750 1433 1652 1086 1870 1030 1389 1138 1935 1628 1945 1159 1322 1531 1854 1338 1812 1014 1254 1075 1702 1818 1066 1288 1275 1446 1206 1592 1738 1975 1098 1194 1083 1373 1309 1462 1555 1102 1235 1622 1306 1730 1673 1039 1444 1002 1328 1452 1405 1749 1273 1727 1490 1449 1218 1236 1138 1036 1288 1222 1090 1274 1421 1830 1551 1542 1790 1652 1097 1005 1172 1840 1209 1122 1952 1229 1569 1461 1229 1817 1870 1604 1627 1940 BCNSPRNW ULIB Ver.6.0+V

เปลี่ยนเป็นภาษาไทย

Change to English
 แสดงรายละเอียดบรรณานุกรม
  กลับหน้าหลัก

Brief Record : Get Marc (ISO 2709) : E-mail record : QR code < ปิดหน้าต่าง
LEADER : 00000nam 2200000uu 4500
001    13399111686
003     ULIB
008    110705s2007||||th 000 0 eng d
020    9780443103186
060  4 WQ^bD611 2007
245 00 Disability in pregnancy and childbirth /^cedited by StellaMcKay-Moffat
260    Edinburgh :^bLivingstone,^cc2007
300    xiv, 219 p. :^bill
650  2 Pregnancy complications
650  2 Delivery, Obstetric
650  2 Midwifery^xmethods
650  2 Pregnancy
700 1  McKay-Moffat, Stella,^eed
945    ^p1910^l0^i027739
949    Kesorn
999 ^a ใช้งานได้ทุกระบบ
รายการนี้ยังไม่มีแท็ก
คุณยังไม่ได้ล็อกอิน คุณสามารถมีกิจกรรมร่วมกับเว็บไซต์ได้ แต่ต้องล็อกอินก่อน ::
  ล็อกอิน

รายการสื่อสารสนเทศ

ลำดับที่ ประเภท เลขเรียก/บาร์โค้ด สถานที่ สถานะ
- ไม่พบข้อมูล -

รายการใกล้เคียง
    หัวเรื่อง [Pregnancy complications]
    หัวเรื่อง [Delivery, Obstetric]
    หัวเรื่อง [Pregnancy]

BibComment


ยังไม่เคยถูกคอมเมนท์

คอมเมนท์ทรัพยากรรายการนี้
  คอมเมนท์: Disability in pre..


 Copyright 2026. Bcnsprnw @Library